000 00757cam a2200205u 4500
999 _c128845
_d128845
001 6011967
003 ARRUPE
005 20190129144806.0
008 821203s1945 sa a 000 0 eng
010 _a 48014638
040 _aDLC
_cCarP
_dDLC
050 0 0 _aSPC GN738
_b.G57
100 1 _aGoodwin, Astley John Hilary,
_d1900-1959.
_944246
245 1 0 _aMethod in prehistory.
_bAn introduction to the discipline of prehistoric archaeology,
250 _a2nd ed.
260 _aCape Town,
_bSouth African Archaeological Society,
_c1953
300 _a191 p.
_billus.
_c22 cm.
440 _aHandbook Series
_nNo.1
_944247
650 0 _aArchaeology.
_921550
810 2 _aSouth African Archaeological Society.
_tHandbook series,
_vno. 1. [from old catalog]
_944248
906 _a0
_bcbc
_cpremunv
_du
_encip
_f19
_gy-gencatlg
942 _2lcc
_cSPC